| 000 | 00619nam a2200205Ia 4500 | ||
|---|---|---|---|
| 003 | OSt | ||
| 005 | 20241127102653.0 | ||
| 008 | 210210b1994 xxu||||| |||| 00| 0 eng d | ||
| 040 | _cAL | ||
| 041 | _aKannada | ||
| 082 | _aK894.109 GUDD | ||
| 100 |
_aGUDI. _d ಗುಡಿ _9186759 |
||
| 245 |
_aDasa sahitya:ondu saidhantika adhyayana. _bದಾಸ ಸಾಹಿತ್ಯ:ಒಂದು ಸೈಧಾಂತಿಕ ಅಧ್ಯಯನ. |
||
| 260 |
_aAthani _bShrinidhi Prakashana _c1994 |
||
| 300 | _axvi,368 | ||
| 650 |
_aDasa _9186760 |
||
| 690 |
_aKannada Poetry Criticism _9186761 |
||
| 906 | _a050748 | ||
| 942 |
_2ddc _cBK |
||
| 999 |
_c99309 _d99309 |
||